|
|
|
|
| LEADER |
00000ny a22000003n 4500 |
| 003 |
CaPaEBR |
| 005 |
20110623164928.0 |
| 006 |
m u |
| 007 |
cr cn||||||||| |
| 008 |
200805r20032008sp |||||s|||||||||||spa d |
| 020 |
|
|
|a 9788476986851
|
| 035 |
|
|
|a 231
|
| 040 |
|
|
|a FlNmELB
|c FlNmELB
|d vlex
|
| 050 |
1 |
4 |
|a R724
|b B644 2003eb
|
| 080 |
|
|
|a 17:614.23"20"
|
| 090 |
|
|
|c 1196
|d 1196
|
| 100 |
1 |
|
|a Blas Obrǹ, Carmen
|
| 245 |
1 |
0 |
|a Responsabilidad profesional del mďico
|h [Recurso electrn̤ico]
|b enfoque para el siglo XXI /
|c Carmen Blas Obrǹ
|
| 256 |
|
|
|a Servicio en ln̕ea
|
| 260 |
|
|
|a Barcelona :
|b BOSCH EDITOR,
|c 2003
|
| 300 |
|
|
|a 7-382 p
|
| 506 |
1 |
|
|a Contenido solo disponible en los productos indicados
|d vLex Global
|d vLex Global (Academic Edition, excluding Law Schools)
|d vLex Global (U.S. Academic Edition, Law Schools)
|d vLex Global (U.S. Academic Edition, excluding Law Schools)
|d vLex Global (Academic Edition, Law Schools)
|
| 650 |
0 |
7 |
|a Medicina legal
|2 Tesauro vLex
|
| 650 |
0 |
7 |
|a Responsabilidad profesional
|2 Tesauro vLex
|
| 740 |
0 |
|
|a vLex Libros (Servicios en ln̕ea)
|
| 856 |
4 |
0 |
|z Acceso restringido
|u http://vlex.com/source/responsabilidad-profesional-medico-231
|
| 942 |
|
|
|c BOOK
|